| 000 | 01911nam0a2200373 4500 | ||
|---|---|---|---|
| 001 | v19\rc\1701722 | ||
| 005 | 20250619030936.0 | ||
| 035 | _a(NLR Aleph) 004803430 | ||
| 090 |
_a4852886 _c4852886 |
||
| 100 | _a20061002e18981898|||y0rusy50 ca | ||
| 101 | 0 |
_arus _aeng _ager _afre |
|
| 102 | _aRU | ||
| 105 | _aa z ||||| | ||
| 200 | 1 |
_aЗаметка о строении и образовании желточного покрова на яйцах птиц _f[Соч.] П.И. Митрофанова |
|
| 210 |
_aВаршава _cтип. Варш. учеб. окр. _d1898 |
||
| 215 |
_a[2], 23 с. _cил. _d24 |
||
| 225 | 1 | _aРаботы из Зоотомической лаборатории Варшавского университета | |
| 300 | _aЧасть текста англ., нем., фр. | ||
| 311 | _a"Из Варшавских университетских известий № 4, 1898 гг." | ||
| 320 | _aБиблиогр. в подстроч. примеч. | ||
| 488 | 0 |
_12001#$aВаршавские университетские известия$v1898, № 4 _1710#02^$aВаршавский университет$b"Известия"$3RU\NLR\AUTH\889933153 _tВаршавские университетские известия _aВаршавский университет. "Известия" |
|
| 606 | 1 |
_aЯйца птиц _xЖелточная оболочка _92438121 _3RU\NLR\AUTH\6601668632 |
|
| 686 | 3 | _aЕ633.924 | |
| 700 | 1 |
_7ca _8rus _aМитрофанов _bП.И. _cд-р зоологии _f1857-1920 _gПавел Ильич _9215016 _3RU\NLR\AUTH\770215072 |
|
| 801 | 0 |
_aRU _bNLR _gpsbo |
|
| 801 | 0 |
_aRU _bRuMoRGB _2psbo |
|
| 801 | 1 |
_aRU _bProSoft-M _2rusmarc |
|
| 852 |
_aNLR _j20.99.6.394 |
||
| 899 |
_aRuMoRGB _jM 64/241 |
||
| 899 |
_aRuMoRGB _jU 51/99 (сер. XVIII) |
||
| 942 | _cBOOK | ||
| 980 | _aNB | ||